• 首页
  • 本馆介绍
  • 公告通知
  • 最新文献
  • 馆藏检索
  • 电子资源
  • 读者导购
  • 参考咨询
  • 我的图书馆
  • 登录
  • 详细信息显示
  • 放入我的书架
  • 预约/预借图书
  • 作者相关作品
  • 分类相关作品
  • 丛书相关作品
  • 出版社相关作品

书目信息

  • 表格格式
  • 工作单格式
  • 卡片格式
题名:
无机及分析化学
    
 
作者: 钟国清 , 朱云云 主编
分册:  
出版信息: 北京   科学出版社  2006.8
页数: 15,603页
开本: 24cm
丛书名:
单 册:
中图分类: O61 , O65
科图分类:
主题词: 无机化学--高等学校--教材 , 分析化学--高等学校--教材 , 无机化学 , 分析化学
电子资源:
ISBN: 7-03-017335-X
000 00980nam0 2200301 45
001 311915
005 20130606163058.81
010    @a7-03-017335-X@dCNY58.00
100    @a20130606d2006 em y0chiy0110 ea
101 0  @achi
102    @aCN@b110000
105    @ay z 000yy
106    @ar
200 1  @a无机及分析化学@AWu Ji Ji Fen Xi Hua Xue@f钟国清,朱云云主编@FZhong Guo Qing, Zhu Yun Yun Zhu Bian
210    @a北京@c科学出版社@d2006.8
215    @a15,603页@d24cm
300    @a21世纪高等院校教材
330    @a本书内容包括气体、溶液和胶体、化学热力学初步、化学反应速率和化学平衡、物质结构基础、电势分析、定量分析中的分离法等等。
606 0  @a无机化学@x高等学校@j教材
606 0  @a分析化学@x高等学校@j教材
606 0  @a无机化学
606 0  @a分析化学
690    @aO61@v5
690    @aO65@v5
701  0 @a钟国清@AZhong Guo Qing@c(化学)@4主编
701  0 @a朱云云@AZhu Yun Yun@f(1953~)@4主编
801    @aCN@bTANGWEI@c20130523
905    @b0836019-21@dO61@e152@f3
    
    无机及分析化学/钟国清,朱云云主编.-北京:科学出版社,2006.8
    15,603页;24cm
    21世纪高等院校教材
    
    ISBN 7-03-017335-X:CNY58.00
    本书内容包括气体、溶液和胶体、化学热力学初步、化学反应速率和化学平衡、物质结构基础、电势分析、定量分析中的分离法等等。
●
相关链接 在E读中查询图书 在五车中查询图书 在当当中查询图书 在豆瓣中查询图书


正题名:无机及分析化学     索取号:O61/152         预约/预借

序号 登录号 条形码 馆藏地/架位号 状态 备注
1 0836019   208360192   第二样本阅览室/ [索取号:O61/152] 在馆    
2 0836020   208360209   密集书库-化学系/ [索取号:O61/152] 在馆    
3 0836021   208360218   第三借阅区/ [索取号:O61/152] 在馆    
唐山师范学院图书馆 欢迎您!
大连网信软件有限公司© 版权所有